000 00680nam a2200265Ia 4500
005 20260121165541.0
008 008 260114s9999 xx 000 0 eng d
020 _a9783319260457
037 _aEBOOK
040 _aCRL
040 _beng
040 _cCRL
041 _2eng
041 _aeng
084 _qCRL
100 _aAntonio Bonomi, Otavio Cavalett, Marcelo Pereira da Cunha, Marco A. P. Lima
_91053108
245 0 _aVirtual Biorefinery
260 _bSpringer
260 _bSpringer
260 _c2016
856 _uhttps://link.springer.com/openurl?genre=book&isbn=978-3-319-26045-7
942 _cEBOOK
999 _c1618834
_d1618834